000 00560nam a2200205 a 4500
001 1081
003 CO-ViMGA
008 141112s2004 ck r 000 u spa d
040 _aCO-ViMGA
_bspa
_cCO-ViMGA
082 0 4 _a843.6 S735d
100 1 _aStendhal, Henry Beyle
_949121
245 1 0 _aDel amor
260 _aMadrid :
_bAlianza,
_c1990
300 _a431 p
490 _aEl libro de bolsillo, 147
500 _aIncluye crítica literaria de Jose Ortega y Gasset.
650 1 4 _aNOVELA
_949122
650 1 4 _aOrtega y Gasset, Jose
_949123
942 _2ddc
_cBK
999 _c13305
_d13305